00604nam a2200217Ia 4500001000700000003000500007008004100012010001100053020001800064040000900082082001800091100002200109245005400131260004500185300001800230503001700248504002700265650003400292650003600326650002400362Z_5171CHAP220113s9999 xx 000 0 und d a168231 a0-85199-594-2 cCHAP a636.08964 S68 aSquires, E. James aApplied animal endocrinology /cE. James Squires aCambridge, Massachusetts :bCABI,c  axviii, 234 p. aej.1: 222263 aIncluye bibliografía aEndocrinología veterinaria  aGanadería xx Reproducción aReproduccion animal